Statistics for Highest-Ranked Countries by Area and Population

Click here to take the quiz!

General Stats

  • This quiz has been taken 845 times
  • The average score is 17 of 20

Answer Stats

areapop#Country% Correct
314China
100%
437United States
99%
5510Brazil
98%
729India
98%
1910Russia
98%
23739Canada
94%
14418Indonesia
94%
131124Mexico
93%
83139Argentina
90%
31738Nigeria
88%
33639Pakistan
86%
111930DR Congo
85%
291544Egypt
85%
171734Iran
80%
242448South Africa
80%
103343Algeria
79%
261440Ethiopia
75%
124052Saudi Arabia
74%
252853Colombia
70%
153550Sudan
67%

Score Distribution

Percentile by Number Answered

Percent of People with Each Score

Your Score History

You have not taken this quiz